Statistics for Песма леда и ватре

Click here to take the quiz!

General Stats

  • This quiz has been taken 18 times
  • The average score is 5 of 7

Answer Stats

ОбјављенаКњига% Correct
1996Игра престола
100%
2000Олуја мачева
83%
2005Гозба за вране
83%
2011Плес са змајевима
83%
1998Судар краљева
75%
Вероватно никадВетрови зиме
58%
Дефинитивно никадСан о пролећу
50%

Score Distribution

Percentile by Number Answered

Percent of People with Each Score

Your Score History

You have not taken this quiz